000 00384nam a2200133Ia 4500
008 151001s9999||||xx |||||||||||||| ||und||
100 _aशर्मा कुमार पाटील
245 _aव्यक्तित्व विकास
250 _a1
260 _bविदुषी प्रकाशन
260 _c2010
300 _a128
365 _b21
999 _c995701
_d995698